[Event "Cheliabinsk Kurnosov Memorial Rapid"]
[Site "Cheliabinsk"]
[Date "2023.09.08"]
[Round "1"]
[White "Georgiev, Alexey"]
[Black "Bocharov, Dmitry"]
[Result "0-1"]
[WhiteElo "1774"]
[BlackElo "2521"]
[PlyCount "54"]
[EventDate "2023.09.08"]
[EventType "swiss (rapid)"]
[EventRounds "11"]
[EventCountry "RUS"]
[SourceTitle "EXT 2024"]
[Source "ChessBase"]
[SourceDate "2023.10.10"]
[SourceVersion "1"]
[SourceVersionDate "2023.10.10"]
[SourceQuality "1"]

1. d4 Nf6 2. c4 e6 3. g3 c5 4. d5 exd5 5. cxd5 b5 6. Bg2 d6 7. Nc3 b4 8. Ne4 Nxe4 9. Bxe4 g6 10. Bg2 Bg7 11. Nf3 0-0 12. 0-0 a5 13. a4 Ba6 14. Re1 Nd7 15. e4 Re8 16. Qc2 c4 17. Be3 Rc8 18. Bd4 Bxd4 19. Nxd4 Ne5 20. Kh1 Qb6 21. Nf3 Nd3 22. Re3 b3 23. Qd2 Qb4 24. Re2 Qxd2 25. Nxd2 c3 26. bxc3 Rxc3 27. Nxb3 Rxb3 0-1